| 000 | 00327nam a22001217a 4500 | ||
|---|---|---|---|
| 082 |
_a297 _bMUG |
||
| 100 |
_aMughal, Abu Ul Saeed muhammad sadiq _951345 |
||
| 245 | _aعلمی شا ہکار | ||
| 260 |
_aJehlum, _bIshat Fatwa Alamgir, _c2000. |
||
| 300 | _a86p. | ||
| 526 |
_a0 _b0 _c0 _d297_000000000000000_MUG |
||
| 942 |
_2ddc _cBK |
||
| 999 |
_c554058 _d554058 |
||